00605nam a22001937a 450000500170000000800410001702000150005808200220007310000190009524500770011425000100019126000550020130000130025665000150026965000140028494200060029895200940030499900130039820240327055328.0240327b |||||||| |||| 00| 0 eng d a8125901914 222a327.11.bREG. aSilva, de K.M. aRegional Powers and Small State Security :bIndia and Sri Lanka /c1996. a1 st. aUSA :bThe Johns Hopkins University Press /c1996. a388, p., aPolitical. aEconomic. cL 001040708LaWERCLbWERCLd2024-03-27l0o327.11. REG.p5594r2024-03-27w2024-03-27yL c615d615